| 000 | 01278cab a2200325 4500 | ||
|---|---|---|---|
| 001 | ABS52096 | ||
| 008 | 090401t1995 xxu||||| |||| 00| 0 eng d | ||
| 035 | _a(Sirsi) u60323 | ||
| 041 | _aeng | ||
| 245 | _aSpecial report: retail | ||
| 260 | _c1995 | ||
| 350 | _a0 | ||
| 490 |
_aProperty Week _v50(4) 26 January 1995, 35-46(8) |
||
| 520 | _aSpecial report on retail property including articles on the influence of a discount retailer on a shopping centre, a profile of Australia`s Land Lease Corporation currently at the first stage of its acquisition of Bluewater Park in Kent, the recent poor performance of department stores as anchor stores and the effects that electronically collected data on stock flows has had on retailers` use of sales and storage space. | ||
| 650 | _aBLUEWATER PARK | ||
| 650 | _aDEPARTMENT STORES | ||
| 650 | _aDISCOUNT RETAILING | ||
| 650 | _aDISCOUNT STORES | ||
| 650 | _aDISTRIBUTION INDUSTRY | ||
| 650 | _aELECTRONIC DATA INTERCHANGE | ||
| 650 | _aJUST-IN-TIME DELIVERY | ||
| 650 | _aLEND LEASE CORPORATION | ||
| 650 | _aRETAIL PROPERTY | ||
| 650 | _aRETAIL SPACE | ||
| 650 | _aRETAILING | ||
| 650 | _aSHOPPING CENTRES | ||
| 690 | _aPROPERTY-COMMERCIAL PROPERTY-RETAIL PROPERTY | ||
| 942 | _n0 | ||
| 948 | _c04/03/1997 | ||
| 999 |
_c37180 _d37180 |
||